Statistics for World Click Map Quiz - AnakinSkywalker7

Click here to take the quiz!

General Stats

  • This quiz has been taken 15 times
  • The average score is 94 of 196

Answers on the Map

Answers color-coded by a green-red scale on the quiz's map according to % correct below.
 

Answer Stats

Answer% Correct
Australia
100%
Indonesia
82%
New Zealand
82%
Papua New Guinea
82%
Malaysia
73%
Afghanistan
64%
Albania
64%
Armenia
64%
Austria
64%
Azerbaijan
64%
Bangladesh
64%
Belarus
64%
Bhutan
64%
Bosnia and Herzegovina
64%
Federated States of Micronesia
64%
Palau
64%
Samoa
64%
Algeria
55%
Angola
55%
Argentina
55%
Bahamas
55%
Belgium
55%
Belize
55%
Benin
55%
Bolivia
55%
Botswana
55%
Brazil
55%
Bulgaria
55%
Cambodia
55%
China
55%
Croatia
55%
Czech Republic
55%
Estonia
55%
Fiji
55%
Finland
55%
Georgia
55%
Greece
55%
Guinea Bissau
55%
Hungary
55%
India
55%
Iran
55%
Iraq
55%
Japan
55%
Jordan
55%
Kazakhstan
55%
Kiribati
55%
Kuwait
55%
Kyrgyzstan
55%
Laos
55%
Latvia
55%
Lithuania
55%
Maldives
55%
Malta
55%
Moldova
55%
Mongolia
55%
Montenegro
55%
Myanmar
55%
Nepal
55%
North Korea
55%
North Macedonia
55%
Oman
55%
Pakistan
55%
Philippines
55%
Romania
55%
Russia
55%
Saudi Arabia
55%
Serbia
55%
Slovakia
55%
Slovenia
55%
Solomon Islands
55%
South Korea
55%
Sri Lanka
55%
Syria
55%
Taiwan
55%
Tajikistan
55%
Thailand
55%
Tonga
55%
Turkey
55%
Turkmenistan
55%
Ukraine
55%
United Arab Emirates
55%
Uzbekistan
55%
Vietnam
55%
Yemen
55%
Burkina Faso
45%
Burundi
45%
Cameroon
45%
Canada
45%
Cape Verde
45%
Central African Republic
45%
Chad
45%
Chile
45%
Costa Rica
45%
Cuba
45%
Cyprus
45%
Democratic Republic of the Congo
45%
Denmark
45%
Djibouti
45%
Dominican Republic
45%
Ecuador
45%
Egypt
45%
El Salvador
45%
Equatorial Guinea
45%
Eritrea
45%
Eswatini
45%
Ethiopia
45%
France
45%
Gabon
45%
Germany
45%
Ghana
45%
Guatemala
45%
Guinea
45%
Guyana
45%
Haiti
45%
Honduras
45%
Iceland
45%
Ireland
45%
Israel
45%
Italy
45%
Jamaica
45%
Kenya
45%
Kosovo
45%
Liberia
45%
Libya
45%
Madagascar
45%
Malawi
45%
Mali
45%
Marshall Islands
45%
Mauritania
45%
Mexico
45%
Morocco
45%
Mozambique
45%
Namibia
45%
Netherlands
45%
Nicaragua
45%
Niger
45%
Nigeria
45%
Norway
45%
Panama
45%
Paraguay
45%
Peru
45%
Poland
45%
Portugal
45%
Qatar
45%
Republic of the Congo
45%
Rwanda
45%
Senegal
45%
Somalia
45%
South Africa
45%
South Sudan
45%
Spain
45%
Sudan
45%
Suriname
45%
Sweden
45%
Switzerland
45%
Tanzania
45%
Timor-Leste
45%
Togo
45%
Tunisia
45%
Tuvalu
45%
Uganda
45%
United Kingdom
45%
United States
45%
Uruguay
45%
Vanuatu
45%
Venezuela
45%
Zimbabwe
45%
Andorra
36%
Bahrain
36%
Brunei
36%
Colombia
36%
Comoros
36%
Cote D'Ivoire
36%
Gambia
36%
Lebanon
36%
Lesotho
36%
Luxembourg
36%
Mauritius
36%
Nauru
36%
Sao Tome and Principe
36%
Seychelles
36%
Zambia
36%
Liechtenstein
27%
Monaco
27%
Sierra Leone
27%
Singapore
27%
Trinidad and Tobago
27%
Barbados
18%
Dominica
18%
Saint Lucia
18%
Saint Vincent and the Grenadines
18%
San Marino
18%
Vatican City
18%
Antigua and Barbuda
9%
Grenada
9%
Saint Kitts and Nevis
9%

Score Distribution

Percentile by Number Answered

Percent of People with Each Score

Your Score History

You have not taken this quiz